Connecting Old And New Spaces And Cultures: Evolving Landscape Stragies For A Riverine Urbanscape Of Chinchwadgaon And Pavana River (Record no. 362055)

MARC details
000 -LEADER
fixed length control field 00367nam a2200097Ia 4500
008 - FIXED-LENGTH DATA ELEMENTS--GENERAL INFORMATION
fixed length control field 241105s9999 xx 000 0 und d
041 ## - LANGUAGE CODE
Language code of text/sound track or separate title eng
100 ## - MAIN ENTRY--PERSONAL NAME
Personal name Hatti Aishwarya
245 ## - TITLE STATEMENT
Title Connecting Old And New Spaces And Cultures: Evolving Landscape Stragies For A Riverine Urbanscape Of Chinchwadgaon And Pavana River
260 ## - PUBLICATION, DISTRIBUTION, ETC. (IMPRINT)
Name of publisher, distributor, etc. BNCA M Arch Landscape Architecture
Date of publication, distribution, etc. 1905

No items available.